00848 a2200241 4500020001800000020001500018024001800033035001500051040001300066082001300079245009700092260005100189300003500240490003900275650003400314650002400348650005800372655002200430700001500452710002100467856004000488856007800528 a9783540307259 a35403072573 a9786611341138 acis8554373 aDLCbDLC04a515.722200aSpectral methods: fundamentals in single domainsbfundamentals in single domainscC. Canuto aBerlin ;aNew York :bSpringer-Verlag,cc2006. axxii, 563 p. :bill. ;c24 cm.0 aScientific computation,x1434-8322 0aSpectral theory (Mathematics) 0aNumerical analysis. 0aDifferential equations, PartialxNumerical solutions. 7aElectronic books.1 aCanuto, C.2 aMyiLibrary, Ltd.40uhttp://www.myilibrary.com?id=13411340uhttp://www.springerlink.com/openurl.asp?genre=book&isbn=978-3-540-30725-9